| 000 | 00468cam a22001337a 4500 | ||
|---|---|---|---|
| 008 | 180718b2000 xxu||||| |||| 00| 0 eng d | ||
| 082 | _aPROJ.REP. 2000/TIW | ||
| 100 | _aTiwari, R.K. | ||
| 245 |
_aHuman rights, judicial activism and state intervention in abolition of bonded labour system _cby R.K. Tiwari |
||
| 260 |
_aNew Delhi _bIndian Institute of Public Administration _c2000 |
||
| 300 | _a193+p. | ||
| 440 | _aIIPA Working Paper, 2000: 7 | ||
| 650 | _aHuman rights | ||
| 999 |
_c492300 _d492300 |
||